00249nam a2200109Ia 4500008004100000041001200041100002100053245002900074260002200103300000800125650000600133231217s9999 xx 000 0 und d aEnglish aStevens, Roger T 0aFractal programming in C c1989bM & T Books a582 aC